[Event "Stay Safe Play From Home 396"]
[Site "Emanuel Lasker Arena"]
[Date "2020.08.19"]
[Round "2"]
[White "Kongle"]
[Black "Erdema"]
[Result "0-1"]
[WhiteElo "1752"]
[BlackElo "1663"]
[Annotator "NA"]
[PlyCount "132"]
[EventDate "2020.08.19"]
[EventType "swiss (blitz)"]

1. e4 {[%emt 0:00:12]} e5 {[%emt 0:00:03]} 2. Nf3 {[%emt 0:00:02]} Nc6 {[%emt 0:00:01]} 3. Bc4 {[%emt 0:00:02]} Bc5 {[%emt 0:00:02]} 4. c3 {[%emt 0:00:01]} d6 {[%emt 0:00:01]} 5. d4 {[%emt 0:00:01]} exd4 {[%emt 0:00:01]} 6. cxd4 {[%emt 0:00:01]} Bb4+ {[%emt 0:00:01]} 7. Nc3 {[%emt 0:00:01]} h6 {[%emt 0:00:02]} 8. O-O {[%emt 0:00:02]} Nf6 {[%emt 0:00:02]} 9. Re1 {[%emt 0:00:06]} O-O {[%emt 0:00:02]} 10. Bf4 {[%emt 0:00:06]} Bg4 {[%emt 0:00:03]} 11. e5 {[%emt 0:00:15]} dxe5 {[%emt 0:00:05]} 12. dxe5 {[%emt 0:00:01]} Qxd1 {[%emt 0:00:05]} 13. Raxd1 {[%emt 0:00:03]} Nh5 {[%emt 0:00:15]} 14. Bc1 {[%emt 0:00:12]} Bxf3 {[%emt 0:00:06]} 15. gxf3 {[%emt 0:00:03]} Rfe8 {[%emt 0:00:03]} 16. f4 {[%emt 0:00:02]} Rad8 {[%emt 0:00:09]} 17. Rxd8 {[%emt 0:00:07]} Rxd8 {[%emt 0:00:02]} 18. Kg2 {[%emt 0:00:11]} Rd4 {[%emt 0:00:06]} 19. Nb5 {[%emt 0:00:36]} Rxc4 {[%emt 0:00:06]} 20. Rd1 {[%emt 0:00:10]} Nxf4+ {[%emt 0:00:05]} 21. Kg3 {[%emt 0:00:11]} Ne2+ {[%emt 0:00:06]} 22. Kg2 {[%emt 0:00:01]} Nxc1 {[%emt 0:00:02]} 23. Nxc7 {[%emt 0:00:03]} Nxe5 {[%emt 0:00:04]} 24. Rd8+ {[%emt 0:00:03]} Kh7 {[%emt 0:00:02]} 25. Nd5 {[%emt 0:00:02]} Ncd3 {[%emt 0:00:12]} 26. Rb8 {[%emt 0:00:10]} b6 {[%emt 0:00:03]} 27. a3 {[%emt 0:00:05]} Bd6 {[%emt 0:00:04]} 28. Rb7 {[%emt 0:00:02]} Bc5 {[%emt 0:00:14]} 29. Rxa7 {[%emt 0:00:10]} Nxf2 {[%emt 0:00:08]} 30. b4 {[%emt 0:00:03]} Rg4+ {[%emt 0:00:07]} 31. Kf1 {[%emt 0:00:03]} Bd4 {[%emt 0:00:08]} 32. Ra8 {[%emt 0:00:09]} Nc4 {[%emt 0:00:07]} 33. a4 {[%emt 0:00:10]} Ne4 {[%emt 0:00:03]} 34. Rd8 {[%emt 0:00:09]} Nc3 {[%emt 0:00:07]} 35. Nxc3 {[%emt 0:00:06]} Bxc3 {[%emt 0:00:07]} 36. Ke2 {[%emt 0:00:01]} Bxb4 {[%emt 0:00:03]} 37. Kd3 {[%emt 0:00:02]} Ne5+ {[%emt 0:00:01]} 38. Kc2 {[%emt 0:00:04]} Ba5 {[%emt 0:00:05]} 39. Ra8 {[%emt 0:00:05]} Rxa4 {[%emt 0:00:03]} 40. Kb3 {[%emt 0:00:01]} Rb4+ {[%emt 0:00:02]} 41. Kc2 {[%emt 0:00:01]} Nc6 {[%emt 0:00:04]} 42. Rc8 {[%emt 0:00:04]} Nd4+ {[%emt 0:00:03]} 43. Kd3 {[%emt 0:00:01]} Nf5 {[%emt 0:00:03]} 44. Ra8 {[%emt 0:00:03]} Rd4+ {[%emt 0:00:02]} 45. Kc2 {[%emt 0:00:01]} Rd2+ {[%emt 0:00:02]} 46. Kb3 {[%emt 0:00:02]} Rxh2 {[%emt 0:00:01]} 47. Ra7 {[%emt 0:00:02]} Rh4 {[%emt 0:00:03]} 48. Rxf7 {[%emt 0:00:03]} Nd4+ {[%emt 0:00:03]} 49. Kc4 {[%emt 0:00:02]} Nc6+ {[%emt 0:00:03]} 50. Kd5 {[%emt 0:00:04]} Nb4+ {[%emt 0:00:04]} 51. Ke6 {[%emt 0:00:03]} Re4+ {[%emt 0:00:02]} 52. Kf5 {[%emt 0:00:01]} Re1 {[%emt 0:00:03]} 53. Ra7 {[%emt 0:00:05]} Nd5 {[%emt 0:00:06]} 54. Kg4 {[%emt 0:00:04]} Re4+ {[%emt 0:00:03]} 55. Kf5 {[%emt 0:00:02]} Rf4+ {[%emt 0:00:03]} 56. Ke5 {[%emt 0:00:01]} Rf6 {[%emt 0:00:18]} 57. Kxd5 {[%emt 0:00:01]} Be1 {[%emt 0:00:03]} 58. Ke5 {[%emt 0:00:03]} h5 {[%emt 0:00:02]} 59. Re7 {[%emt 0:00:07]} Bc3+ {[%emt 0:00:04]} 60. Kd5 {[%emt 0:00:02]} h4 {[%emt 0:00:02]} 61. Kc4 {[%emt 0:00:03]} Ba5 {[%emt 0:00:03]} 62. Kb5 {[%emt 0:00:02]} Kh6 {[%emt 0:00:03]} 63. Re4 {[%emt 0:00:01]} g5 {[%emt 0:00:02]} 64. Kc4 {[%emt 0:00:03]} Rf4 {[%emt 0:00:02]} 65. Kd5 {[%emt 0:00:03]} Rxe4 {[%emt 0:00:02]} 66. Kxe4 {[%emt 0:00:01] . . .} h3 {[%emt 0:00:01]} 0-1

[Event "Stay Safe Play From Home 396"]
[Site "Emanuel Lasker Arena"]
[Date "2020.08.19"]
[Round "2"]
[White "Dukic"]
[Black "Johni"]
[Result "0-1"]
[WhiteElo "1737"]
[BlackElo "1766"]
[Annotator "NA"]
[PlyCount "72"]
[EventDate "2020.08.19"]
[EventType "swiss (blitz)"]

1. c4 {[%emt 0:00:07]} c6 {[%emt 0:00:02]} 2. Nc3 {[%emt 0:00:01]} d5 {[%emt 0:00:01]} 3. cxd5 {[%emt 0:00:01]} cxd5 {[%emt 0:00:01]} 4. d4 {[%emt 0:00:00]} Nc6 {[%emt 0:00:01]} 5. Nf3 {[%emt 0:00:01]} Nf6 {[%emt 0:00:01]} 6. Bf4 {[%emt 0:00:01]} Bf5 {[%emt 0:00:03]} 7. e3 {[%emt 0:00:05]} e6 {[%emt 0:00:01]} 8. Qb3 {[%emt 0:00:02]} Bb4 {[%emt 0:00:12]} 9. Rc1 {[%emt 0:00:30]} O-O {[%emt 0:00:05]} 10. a3 {[%emt 0:00:04]} Bd6 {[%emt 0:01:00]} 11. Bxd6 {[%emt 0:00:45]} Qxd6 {[%emt 0:00:02]} 12. Be2 {[%emt 0:00:08]} Na5 {[%emt 0:00:18]} 13. Qa4 {[%emt 0:00:12]} Nc6 {[%emt 0:00:23]} 14. O-O {[%emt 0:00:06]} Rfc8 {[%emt 0:00:07]} 15. b4 {[%emt 0:00:09]} h6 {[%emt 0:00:14]} 16. h3 {[%emt 0:00:02]} a6 {[%emt 0:00:21]} 17. Qb3 {[%emt 0:00:06]} b5 {[%emt 0:00:03]} 18. Rfd1 {[%emt 0:00:21]} Nd7 {[%emt 0:00:04]} 19. Bd3 {[%emt 0:00:21]} Bxd3 {[%emt 0:00:02]} 20. Rxd3 {[%emt 0:00:01]} Nb6 {[%emt 0:00:00]} 21. e4 {[%emt 0:00:13]} Nc4 {[%emt 0:00:10]} 22. exd5 {[%emt 0:00:15]} exd5 {[%emt 0:00:02]} 23. Rb1 {[%emt 0:00:06]} Re8 {[%emt 0:00:04]} 24. a4 {[%emt 0:00:18]} Rab8 {[%emt 0:00:18]} 25. axb5 {[%emt 0:00:03]} axb5 {[%emt 0:00:01]} 26. Rdd1 {[%emt 0:00:03]} Qf4 {[%emt 0:00:13]} 27. Nxd5 {[%emt 0:00:05]} Qd6 {[%emt 0:00:13]} 28. Ne3 {[%emt 0:00:17]} Nxe3 {[%emt 0:00:05]} 29. fxe3 {[%emt 0:00:01]} Qe7 {[%emt 0:00:09]} 30. d5 {[%emt 0:00:10]} Ne5 {[%emt 0:00:06]} 31. Nxe5 {[%emt 0:00:14]} Qxe5 {[%emt 0:00:00]} 32. Rd3 {[%emt 0:00:03]} Rbd8 {[%emt 0:00:04]} 33. Rbd1 {[%emt 0:00:02]} Rd6 {[%emt 0:00:02]} 34. Qc3 {[%emt 0:00:02]} Qg5 {[%emt 0:00:04]} 35. Qc5 {[%emt 0:00:01]} Red8 {[%emt 0:00:01]} 36. Qxb5 {[%emt 0:00:02]} Qg3 {[%emt 0:00:02] Zeit Zeit Zeit (Lag: Av=0.32s, max=1.1s) (Lag: Av=0.32s, max=1.1s) (Lag: Av=0.32s, max=1.1s)} 0-1

[Event "Stay Safe Play From Home 396"]
[Site "Emanuel Lasker Arena"]
[Date "2020.08.19"]
[Round "2"]
[White "Tunca"]
[Black "Padmaesh M K"]
[Result "1-0"]
[WhiteElo "1723"]
[BlackElo "1846"]
[Annotator "NA"]
[PlyCount "95"]
[EventDate "2020.08.19"]
[EventType "swiss (blitz)"]

1. e4 {[%emt 0:00:29]} c5 {[%emt 0:00:05]} 2. Nf3 {[%emt 0:00:02]} d6 {[%emt 0:00:01]} 3. d4 {[%emt 0:00:00]} cxd4 {[%emt 0:00:00]} 4. Nxd4 {[%emt 0:00:00]} Nf6 {[%emt 0:00:01]} 5. Nc3 {[%emt 0:00:00]} g6 {[%emt 0:00:01]} 6. Be2 {[%emt 0:00:04]} Bg7 {[%emt 0:00:01]} 7. O-O {[%emt 0:00:02]} O-O {[%emt 0:00:01]} 8. Be3 {[%emt 0:00:01]} Nc6 {[%emt 0:00:02]} 9. Qd2 {[%emt 0:00:00]} Bd7 {[%emt 0:00:08]} 10. Kh1 {[%emt 0:00:19]} Ng4 {[%emt 0:00:03]} 11. Bxg4 {[%emt 0:00:02]} Bxg4 {[%emt 0:00:00]} 12. f3 {[%emt 0:00:01]} Bd7 {[%emt 0:00:03]} 13. Nd5 {[%emt 0:00:06]} e6 {[%emt 0:00:07]} 14. Nc3 {[%emt 0:00:06]} Qb6 {[%emt 0:00:19]} 15. Nf5 {[%emt 0:00:12]} Qxb2 {[%emt 0:00:03]} 16. Nxg7 {[%emt 0:00:01]} Kxg7 {[%emt 0:00:00]} 17. Rab1 {[%emt 0:00:04]} Qa3 {[%emt 0:00:02]} 18. Rxb7 {[%emt 0:00:04]} Ne5 {[%emt 0:00:13]} 19. f4 {[%emt 0:00:56]} Bc6 {[%emt 0:00:15]} 20. Rc7 {[%emt 0:00:03]} Qa5 {[%emt 0:00:20]} 21. fxe5 {[%emt 0:00:25]} Qxc7 {[%emt 0:00:03]} 22. exd6 {[%emt 0:00:00]} Qb7 {[%emt 0:00:08]} 23. Bh6+ {[%emt 0:00:29]} Kg8 {[%emt 0:00:03]} 24. Bxf8 {[%emt 0:00:08]} Rxf8 {[%emt 0:00:00]} 25. Qf4 {[%emt 0:00:01]} f5 {[%emt 0:00:23]} 26. Qe5 {[%emt 0:00:06]} Bxe4 {[%emt 0:00:22]} 27. Qxe6+ {[%emt 0:00:01]} Qf7 {[%emt 0:00:01]} 28. Qxf7+ {[%emt 0:00:06]} Rxf7 {[%emt 0:00:00]} 29. Nxe4 {[%emt 0:00:01]} fxe4 {[%emt 0:00:00]} 30. Rxf7 {[%emt 0:00:01]} Kxf7 {[%emt 0:00:00]} 31. Kg1 {[%emt 0:00:01]} Ke6 {[%emt 0:00:01]} 32. d7 {[%emt 0:00:03]} Kxd7 {[%emt 0:00:01]} 33. Kf2 {[%emt 0:00:00]} Ke6 {[%emt 0:00:01]} 34. Ke3 {[%emt 0:00:01]} Ke5 {[%emt 0:00:01]} 35. c4 {[%emt 0:00:01]} a5 {[%emt 0:00:03]} 36. a4 {[%emt 0:00:01]} h6 {[%emt 0:00:03]} 37. g4 {[%emt 0:00:02]} g5 {[%emt 0:00:04]} 38. h3 {[%emt 0:00:01]} Kd6 {[%emt 0:00:03]} 39. Kxe4 {[%emt 0:00:01]} Kc5 {[%emt 0:00:01]} 40. Kd3 {[%emt 0:00:01]} Kb4 {[%emt 0:00:01]} 41. Kd4 {[%emt 0:00:02]} Kxa4 {[%emt 0:00:01]} 42. c5 {[%emt 0:00:01]} Kb5 {[%emt 0:00:01]} 43. Kd5 {[%emt 0:00:04]} a4 {[%emt 0:00:00]} 44. c6 {[%emt 0:00:00]} a3 {[%emt 0:00:03]} 45. c7 {[%emt 0:00:01]} a2 {[%emt 0:00:01]} 46. c8=Q {[%emt 0:00:00]} a1=Q {[%emt 0:00:01]} 47. Qb8+ {[%emt 0:00:04]} Ka4 {[%emt 0:00:01]} 48. Qa7+ {[%emt 0:00:01] Padmaesh M K resigns Padmaesh M K resigns Padmaesh M K resigns (Lag: Av=0.43s, max=0.8s) (Lag: Av=0.43s, max=0.8s) (Lag: Av=0.43s, max=0.8s)} 1-0

[Event "Stay Safe Play From Home 396"]
[Site "Emanuel Lasker Arena"]
[Date "2020.08.19"]
[Round "3"]
[White "Andy416"]
[Black "Kongle"]
[Result "0-1"]
[WhiteElo "2069"]
[BlackElo "1730"]
[Annotator "NA"]
[PlyCount "78"]
[EventDate "2020.08.19"]
[EventType "swiss (blitz)"]
[TimeControl "300"]

1. e4 {[%emt 0:00:07]} d5 {[%emt 0:00:07]} 2. exd5 {[%emt 0:00:04]} Qxd5 {[%emt 0:00:04]} 3. Nc3 {[%emt 0:00:01]} Qd6 {[%emt 0:00:01]} 4. d4 {[%emt 0:00:04]} Nf6 {[%emt 0:00:03]} 5. Nf3 {[%emt 0:00:03]} Bg4 {[%emt 0:00:02]} 6. Nb5 {[%emt 0:00:07]} Qb6 {[%emt 0:00:09]} 7. c4 {[%emt 0:00:05]} c6 {[%emt 0:00:07]} 8. c5 {[%emt 0:00:05]} Qd8 {[%emt 0:00:04]} 9. Nc3 {[%emt 0:00:08]} e6 {[%emt 0:00:03]} 10. Be2 {[%emt 0:00:04]} Be7 {[%emt 0:00:02]} 11. O-O {[%emt 0:00:04]} O-O {[%emt 0:00:01]} 12. h3 {[%emt 0:00:02]} Bh5 {[%emt 0:00:02]} 13. Bf4 {[%emt 0:00:03]} Nbd7 {[%emt 0:00:05]} 14. a4 {[%emt 0:00:05]} b6 {[%emt 0:00:03]} 15. b4 {[%emt 0:00:05]} bxc5 {[%emt 0:00:02]} 16. bxc5 {[%emt 0:00:03]} Qa5 {[%emt 0:00:07]} 17. Qd2 {[%emt 0:00:05]} h6 {[%emt 0:00:09]} 18. Nd5 {[%emt 0:00:21]} Qd8 {[%emt 0:00:10]} 19. Nxe7+ {[%emt 0:00:06]} Qxe7 {[%emt 0:00:04]} 20. Bd6 {[%emt 0:00:01]} Qd8 {[%emt 0:00:01]} 21. Bxf8 {[%emt 0:00:05]} Nxf8 {[%emt 0:00:01]} 22. Rfb1 {[%emt 0:00:07]} a5 {[%emt 0:00:07]} 23. Rb6 {[%emt 0:00:06]} Nd5 {[%emt 0:00:01]} 24. Rb2 {[%emt 0:00:09]} Nb4 {[%emt 0:00:04]} 25. Ne5 {[%emt 0:00:21]} Bxe2 {[%emt 0:00:07]} 26. Qxe2 {[%emt 0:00:04]} Qxd4 {[%emt 0:00:02]} 27. Rd1 {[%emt 0:00:15]} Qxc5 {[%emt 0:00:12]} 28. Rbd2 {[%emt 0:00:11]} Nd5 {[%emt 0:00:10]} 29. Nd3 {[%emt 0:00:10]} Qa3 {[%emt 0:00:14]} 30. Ra2 {[%emt 0:00:13]} Qb3 {[%emt 0:00:03]} 31. Nc5 {[%emt 0:00:10]} Qb4 {[%emt 0:00:12]} 32. Nd3 {[%emt 0:00:12]} Qc4 {[%emt 0:00:16]} 33. Rc2 {[%emt 0:00:12]} Nc3 {[%emt 0:00:08]} 34. Qd2 {[%emt 0:00:09]} Qxa4 {[%emt 0:00:28]} 35. Rxc3 {[%emt 0:00:05]} Rd8 {[%emt 0:00:03]} 36. Qc1 {[%emt 0:00:11]} Qd4 {[%emt 0:00:07]} 37. Rxc6 {[%emt 0:00:11]} e5 {[%emt 0:00:05]} 38. Ne1 {[%emt 0:00:12]} Qxd1 {[%emt 0:00:03]} 39. Qxd1 {[%emt 0:00:06]} Rxd1 {[%emt 0:00:02] Andy416 resigns} 0-1

[Event "Stay Safe Play From Home 396"]
[Site "Emanuel Lasker Arena"]
[Date "2020.08.19"]
[Round "3"]
[White "Ionelluca"]
[Black "Mepe_Nika"]
[Result "0-1"]
[WhiteElo "2022"]
[BlackElo "2363"]
[PlyCount "98"]
[EventDate "2020.08.19"]
[EventType "swiss (blitz)"]

1. c4 {[%emt 0:00:03]} c6 {[%emt 0:00:01]} 2. g3 {[%emt 0:00:01]} d5 {[%emt 0:00:00]} 3. Bg2 {[%emt 0:00:01]} e5 {[%emt 0:00:01]} 4. cxd5 {[%emt 0:00:17]} cxd5 {[%emt 0:00:00]} 5. d3 {[%emt 0:00:01]} Nc6 {[%emt 0:00:01]} 6. Bd2 {[%emt 0:00:04]} Nf6 {[%emt 0:00:06]} 7. b3 {[%emt 0:00:01]} h5 {[%emt 0:00:05]} 8. Nc3 {[%emt 0:00:05]} h4 {[%emt 0:00:02]} 9. a3 {[%emt 0:00:24]} h3 {[%emt 0:00:04]} 10. Bf3 {[%emt 0:00:08]} Bc5 {[%emt 0:00:16]} 11. Bg5 {[%emt 0:00:22]} Be6 {[%emt 0:00:02]} 12. b4 {[%emt 0:00:17]} Bd4 {[%emt 0:00:03]} 13. Rc1 {[%emt 0:00:03]} Qb6 {[%emt 0:00:19]} 14. e3 {[%emt 0:00:03]} Bxc3+ {[%emt 0:00:01]} 15. Rxc3 {[%emt 0:00:02]} Nd7 {[%emt 0:00:03]} 16. e4 {[%emt 0:00:13]} d4 {[%emt 0:00:09]} 17. Rc1 {[%emt 0:00:01]} a5 {[%emt 0:00:04]} 18. b5 {[%emt 0:00:29]} Qxb5 {[%emt 0:00:02]} 19. Rb1 {[%emt 0:00:01]} Qa6 {[%emt 0:00:06]} 20. Ne2 {[%emt 0:00:02]} Nc5 {[%emt 0:00:02]} 21. Nc1 {[%emt 0:00:04]} f6 {[%emt 0:00:02]} 22. Bd2 {[%emt 0:00:43]} Nxd3+ {[%emt 0:00:01]} 23. Nxd3 {[%emt 0:00:01]} Qxd3 {[%emt 0:00:00]} 24. Rxb7 {[%emt 0:00:01]} O-O {[%emt 0:00:00]} 25. Qe2 {[%emt 0:00:16]} Qxa3 {[%emt 0:00:07]} 26. O-O {[%emt 0:00:02]} Rab8 {[%emt 0:00:02]} 27. Rc7 {[%emt 0:00:04]} Rfc8 {[%emt 0:00:03]} 28. Rxc8+ {[%emt 0:00:03]} Rxc8 {[%emt 0:00:00]} 29. Bg4 {[%emt 0:00:01]} d3 {[%emt 0:00:11]} 30. Bxe6+ {[%emt 0:00:02]} Kf8 {[%emt 0:00:07]} 31. Qh5 {[%emt 0:00:01]} Rc7 {[%emt 0:00:07]} 32. Bd5 {[%emt 0:00:11]} Ke7 {[%emt 0:00:40]} 33. Qh8 {[%emt 0:00:07]} Kd6 {[%emt 0:00:07]} 34. Bxc6 {[%emt 0:00:12]} Kxc6 {[%emt 0:00:08]} 35. Rc1+ {[%emt 0:00:01]} Kb7 {[%emt 0:00:04]} 36. Rb1+ {[%emt 0:00:01]} Kc6 {[%emt 0:00:11]} 37. Qe8+ {[%emt 0:00:01]} Rd7 {[%emt 0:00:03]} 38. Qc8+ {[%emt 0:00:05]} Kd6 {[%emt 0:00:10]} 39. Qf8+ {[%emt 0:00:02]} Re7 {[%emt 0:00:01]} 40. Rb6+ {[%emt 0:00:13]} Kc7 {[%emt 0:00:05]} 41. Qb8+ {[%emt 0:00:02]} Kd7 {[%emt 0:00:00]} 42. Qb7+ {[%emt 0:00:04]} Ke8 {[%emt 0:00:03]} 43. Qc8+ {[%emt 0:00:01]} Kf7 {[%emt 0:00:02]} 44. Qc4+ {[%emt 0:00:00]} Kg6 {[%emt 0:00:02]} 45. Rb1 {[%emt 0:00:00]} Qd6 {[%emt 0:00:06]} 46. Rf1 {[%emt 0:00:01]} Rc7 {[%emt 0:00:04]} 47. Qc1 {[%emt 0:00:00]} Rxc1 {[%emt 0:00:01]} 48. Rxc1 {[%emt 0:00:00]} a4 {[%emt 0:00:00]} 49. Ra1 {[%emt 0:00:02]} Qd4 {[%emt 0:00:02] Time Time Time (Lag: Av=0.51s, max=0.7s) (Lag: Av=0.51s, max=0.7s) (Lag: Av=0.51s, max=0.7s)} 0-1

[Event "Stay Safe Play From Home 396"]
[Site "Emanuel Lasker Arena"]
[Date "2020.08.19"]
[Round "3"]
[White "Greblah"]
[Black "Dukic"]
[Result "1-0"]
[WhiteElo "1917"]
[BlackElo "1721"]
[PlyCount "99"]
[EventDate "2020.08.19"]
[EventType "swiss (blitz)"]

1. e4 {[%emt 0:00:02]} c5 {[%emt 0:00:03]} 2. d4 {[%emt 0:00:02]} cxd4 {[%emt 0:00:02]} 3. Qxd4 {[%emt 0:00:00]} e6 {[%emt 0:00:02]} 4. Nc3 {[%emt 0:00:08]} a6 {[%emt 0:00:01]} 5. Nf3 {[%emt 0:00:03]} b5 {[%emt 0:00:04]} 6. Bg5 {[%emt 0:00:12]} Qc7 {[%emt 0:00:02]} 7. e5 {[%emt 0:00:11]} Bb7 {[%emt 0:00:06]} 8. Be2 {[%emt 0:00:11]} Nc6 {[%emt 0:00:09]} 9. Qe3 {[%emt 0:00:14]} b4 {[%emt 0:00:23]} 10. Na4 {[%emt 0:00:08]} Qa5 {[%emt 0:00:19]} 11. b3 {[%emt 0:00:05]} h6 {[%emt 0:00:03]} 12. Bf4 {[%emt 0:00:05]} Nge7 {[%emt 0:00:02]} 13. Qb6 {[%emt 0:00:07]} Qxb6 {[%emt 0:00:23]} 14. Nxb6 {[%emt 0:00:00]} Rb8 {[%emt 0:00:02]} 15. Nc4 {[%emt 0:00:04]} Nd5 {[%emt 0:00:03]} 16. Bd2 {[%emt 0:00:13]} Be7 {[%emt 0:00:10]} 17. O-O {[%emt 0:00:02]} O-O {[%emt 0:00:02]} 18. Bd3 {[%emt 0:00:06]} f6 {[%emt 0:00:12]} 19. Be4 {[%emt 0:00:09]} Nxe5 {[%emt 0:00:12]} 20. Nfxe5 {[%emt 0:00:09]} fxe5 {[%emt 0:00:01]} 21. Nxe5 {[%emt 0:00:01]} Rfd8 {[%emt 0:00:08]} 22. Rad1 {[%emt 0:00:32]} Bf6 {[%emt 0:00:08]} 23. Nc4 {[%emt 0:00:09]} Nc3 {[%emt 0:00:38]} 24. Bxc3 {[%emt 0:00:03]} Bxc3 {[%emt 0:00:04]} 25. Bxb7 {[%emt 0:00:09]} Rxb7 {[%emt 0:00:01]} 26. Rd6 {[%emt 0:00:06]} Rc7 {[%emt 0:00:21]} 27. Rfd1 {[%emt 0:00:04]} Kf7 {[%emt 0:00:03]} 28. Rxa6 {[%emt 0:00:03]} d5 {[%emt 0:00:02]} 29. Ne3 {[%emt 0:00:02]} Rcd7 {[%emt 0:00:15]} 30. f4 {[%emt 0:00:13]} g6 {[%emt 0:00:03]} 31. Ng4 {[%emt 0:00:01]} h5 {[%emt 0:00:03]} 32. Ne5+ {[%emt 0:00:01]} Bxe5 {[%emt 0:00:03]} 33. fxe5 {[%emt 0:00:00]} Rc8 {[%emt 0:00:02]} 34. Rf1+ {[%emt 0:00:01]} Ke7 {[%emt 0:00:03]} 35. Rf6 {[%emt 0:00:05]} Rxc2 {[%emt 0:00:02]} 36. Raxe6+ {[%emt 0:00:01]} Kd8 {[%emt 0:00:02]} 37. Ra6 {[%emt 0:00:08]} d4 {[%emt 0:00:07]} 38. Rfd6 {[%emt 0:00:03]} Ke7 {[%emt 0:00:22]} 39. Rxd7+ {[%emt 0:00:01]} Kxd7 {[%emt 0:00:01]} 40. Rd6+ {[%emt 0:00:00]} Ke7 {[%emt 0:00:02]} 41. Rxd4 {[%emt 0:00:01]} Ke6 {[%emt 0:00:01]} 42. Rxb4 {[%emt 0:00:02]} Rxa2 {[%emt 0:00:01]} 43. h4 {[%emt 0:00:03]} Kxe5 {[%emt 0:00:01]} 44. Rb6 {[%emt 0:00:02]} Kf5 {[%emt 0:00:01]} 45. b4 {[%emt 0:00:01]} Rb2 {[%emt 0:00:02]} 46. b5 {[%emt 0:00:01]} Kg4 {[%emt 0:00:01]} 47. Rxg6+ {[%emt 0:00:02]} Kxh4 {[%emt 0:00:01]} 48. Rb6 {[%emt 0:00:03]} Kg4 {[%emt 0:00:02]} 49. Kh2 {[%emt 0:00:02]} h4 {[%emt 0:00:01]} 50. Rb8 {[%emt 0:00:04] Zeit Zeit Zeit (Lag: Av=0.36s, max=0.8s) (Lag: Av=0.36s, max=0.8s) (Lag: Av=0.36s, max=0.8s)} 1-0

[Event "Stay Safe Play From Home 396"]
[Site "Emanuel Lasker Arena"]
[Date "2020.08.19"]
[Round "3"]
[White "Johni"]
[Black "Haris kollari 13"]
[Result "0-1"]
[WhiteElo "1782"]
[BlackElo "1926"]
[Annotator "NA"]
[PlyCount "96"]
[EventDate "2020.08.19"]
[EventType "swiss (blitz)"]

1. e4 {[%emt 0:00:01]} e6 {[%emt 0:00:01]} 2. d4 {[%emt 0:00:05]} d5 {[%emt 0:00:01]} 3. e5 {[%emt 0:00:01]} c5 {[%emt 0:00:01]} 4. c3 {[%emt 0:00:01]} Nc6 {[%emt 0:00:01]} 5. Nf3 {[%emt 0:00:01]} Bd7 {[%emt 0:00:01]} 6. a3 {[%emt 0:00:01]} c4 {[%emt 0:00:06]} 7. Be2 {[%emt 0:00:13]} b5 {[%emt 0:00:01]} 8. O-O {[%emt 0:00:01]} a5 {[%emt 0:00:01]} 9. Bg5 {[%emt 0:00:14]} Nge7 {[%emt 0:00:02]} 10. Nbd2 {[%emt 0:00:03]} h6 {[%emt 0:00:01]} 11. Bh4 {[%emt 0:00:03]} Qb6 {[%emt 0:00:05]} 12. h3 {[%emt 0:00:17]} Nf5 {[%emt 0:00:01]} 13. Bg3 {[%emt 0:00:07]} Nxg3 {[%emt 0:00:01]} 14. fxg3 {[%emt 0:00:02]} Be7 {[%emt 0:00:03]} 15. Kh2 {[%emt 0:00:03]} O-O {[%emt 0:00:02]} 16. g4 {[%emt 0:00:04]} b4 {[%emt 0:00:01]} 17. axb4 {[%emt 0:00:02]} axb4 {[%emt 0:00:01]} 18. Qc2 {[%emt 0:00:28]} b3 {[%emt 0:00:04]} 19. Qb1 {[%emt 0:00:04]} Ra5 {[%emt 0:00:08]} 20. Rxa5 {[%emt 0:00:03]} Qxa5 {[%emt 0:00:01]} 21. Qa1 {[%emt 0:00:01]} Ra8 {[%emt 0:00:01]} 22. Qxa5 {[%emt 0:00:03]} Rxa5 {[%emt 0:00:01]} 23. Rb1 {[%emt 0:00:04]} Ra2 {[%emt 0:00:01]} 24. Kg3 {[%emt 0:00:14]} Na7 {[%emt 0:00:10]} 25. Kf2 {[%emt 0:00:02]} Nc8 {[%emt 0:00:01]} 26. Ke1 {[%emt 0:00:01]} Nb6 {[%emt 0:00:01]} 27. Kd1 {[%emt 0:00:02]} Na4 {[%emt 0:00:04]} 28. Kc1 {[%emt 0:00:01]} f6 {[%emt 0:00:05]} 29. Bf1 {[%emt 0:00:11]} Be8 {[%emt 0:00:01]} 30. Nxc4 {[%emt 0:00:07]} dxc4 {[%emt 0:00:07]} 31. Bxc4 {[%emt 0:00:00]} Bg6 {[%emt 0:00:09]} 32. Bxe6+ {[%emt 0:00:03]} Bf7 {[%emt 0:00:09]} 33. Bxf7+ {[%emt 0:00:02]} Kxf7 {[%emt 0:00:01]} 34. exf6 {[%emt 0:00:08]} Bxf6 {[%emt 0:00:01]} 35. Nd2 {[%emt 0:00:01]} Bg5 {[%emt 0:00:04]} 36. g3 {[%emt 0:00:07]} Bxd2+ {[%emt 0:00:01]} 37. Kxd2 {[%emt 0:00:01]} Nxb2 {[%emt 0:00:01]} 38. Ke3 {[%emt 0:00:06]} Nc4+ {[%emt 0:00:02]} 39. Kd3 {[%emt 0:00:03]} Nb2+ {[%emt 0:00:06]} 40. Ke4 {[%emt 0:00:05]} Ke6 {[%emt 0:00:01]} 41. h4 {[%emt 0:00:07]} Kd6 {[%emt 0:00:02]} 42. g5 {[%emt 0:00:02]} hxg5 {[%emt 0:00:03]} 43. hxg5 {[%emt 0:00:01]} g6 {[%emt 0:00:01]} 44. d5 {[%emt 0:00:05]} Kc5 {[%emt 0:00:04]} 45. Rf1 {[%emt 0:00:15]} Nc4 {[%emt 0:00:04]} 46. Rf6 {[%emt 0:00:02]} b2 {[%emt 0:00:03]} 47. Rc6+ {[%emt 0:00:07]} Kb5 {[%emt 0:00:01]} 48. Rc8 {[%emt 0:00:08]} b1=Q+ {[%emt 0:00:01] Johni Ñäàåòñÿ Johni Ñäàåòñÿ Johni Ñäàåòñÿ (Lag: Av=0.43s, max=1.0s) (Lag: Av=0.43s, max=1.0s) (Lag: Av=0.43s, max=1.0s)} 0-1